The revenue administration of the East India Company in Chittagong, 1761-1785 / (Record no. 8742)
[ view plain ]
| 000 -LEADER | |
|---|---|
| fixed length control field | 01083nam a2200301 a 4500 |
| 001 - CONTROL NUMBER | |
| JCCL Control Number | 8742 |
| 003 - CONTROL NUMBER IDENTIFIER | |
| JCCL marc code | BD-JhCC |
| 005 - DATE AND TIME OF LATEST TRANSACTION | |
| control field | 20180920091247.0 |
| 008 - FIXED-LENGTH DATA ELEMENTS--GENERAL INFORMATION | |
| fixed length control field | 180303s1971 bg b b 001 0 eng d |
| 020 ## - INTERNATIONAL STANDARD BOOK NUMBER | |
| Terms of availability | Tk20.00 |
| 035 ## - SYSTEM CONTROL NUMBER | |
| system control number | (BD-JhCC)8742 |
| 040 ## - CATALOGING SOURCE | |
| Original cataloging agency | BD-JhCC |
| Transcribing agency | DLC |
| Modifying agency | BD-JhCC |
| 041 ## - LANGUAGE CODE | |
| Language code of Book | eng |
| 050 00 - LIBRARY OF CONGRESS CALL NUMBER | |
| Classification number | HJ4387.8.C48 |
| Item number | S47 |
| 082 00 - DEWEY DECIMAL CLASSIFICATION NUMBER | |
| Classification number | 354/.549/2307 |
| Author mark and Year | SER 1971 |
| 100 1# - MAIN ENTRY--PERSONAL NAME | |
| Personal name | Serajuddin, Alamgir Muhammad. |
| 245 14 - TITLE STATEMENT | |
| Title | The revenue administration of the East India Company in Chittagong, 1761-1785 / |
| Statement of responsibility, etc | Alamgir Muhammad Serajuddin. |
| 260 ## - PUBLICATION, DISTRIBUTION, ETC. (IMPRINT) | |
| Place of publication, distribution, etc | Chittagong : |
| Name of publisher, distributor, etc | University of Chittagong, |
| Date of publication, distribution, etc | 1971. |
| 300 ## - PHYSICAL DESCRIPTION | |
| Pagination | ix, 259 p. : |
| Other physical details | map. ; |
| Dimensions | 23 cm. |
| 500 ## - GENERAL NOTE | |
| General note | Stamped on lining paper: Distributed by Oxford University Press, Dacca. |
| 500 ## - GENERAL NOTE | |
| General note | "Thesis approved for the degree of doctor of philosophy of the University of London, February 1964." |
| 500 ## - GENERAL NOTE | |
| General note | Includes index. |
| 504 ## - BIBLIOGRAPHY, ETC. NOTE | |
| Bibliography, etc | Bibliography: p. [234]-245. |
| 610 20 - SUBJECT ADDED ENTRY--CORPORATE NAME | |
| Corporate name or jurisdiction name as entry element | East India Company. |
| 650 #0 - SUBJECT ADDED ENTRY--TOPICAL TERM | |
| Topical term or geographic name as entry element | Land value taxation |
| Geographic subdivision | Chittagong, Bangladesh (District) |
| General subdivision | History. |
| 942 ## - ADDED ENTRY ELEMENTS (KOHA) | |
| Source of classification or shelving scheme | Dewey Decimal Classification |
| Koha item type | Books |
| Source of classification or shelving scheme | Damaged status | Not for loan | Home library | Current library | Shelving location | Cost, normal purchase price | Total Checkouts | Full call number | Barcode | Date last seen | Copy number | Koha item type |
|---|---|---|---|---|---|---|---|---|---|---|---|---|
| Dewey Decimal Classification | JCC Rouf Library | JCC Rouf Library | General Stacks | 20.00 | 354/.549/2307 SER 1971 | 11349 | 03/03/2018 | C-1 | Books |